000 00387nam a2200169Ia 4500
008 180921t2017 xxu||||| |||| 00| 1 sin d
041 _asin
080 _aX8C31
_bMAD
100 _aMadubala, Indu
245 _aඅවංකා
246 _aAwanka
260 _bAuthor
_as.i.
_c2017
300 _a180p., 21cm
942 _cBK
999 _c7317
_d7317
003 LK-CoDNM
040 _aLK-CoDNM
_dLK-CoDNM
_eLK-CoDNM